000 00973nam a2200277Ia 4500
001 Para_10368
003 CHAP
008 220125sDdic xx 000 0 und d
010 _a209044
040 _cCHAP
090 _aPA CD - TESIS 397
100 _aGarcía López, Marín
_9129067
245 _aIdentificación morfológica de la cenicilla en avena Avena sativa L.) en Valles altos de México /
_c Marín García López; Director Santos Gerardo Leyva Mir
260 _aChapingo, Méx. :
_b el autor
300 _a1 CDS ROM (56 p.)
502 _aTesis (Ing. Agr. Esp. en Parasitología Agrícola). UACh. Departamento Parasitología Agrícola
700 _aLeyva Mir, Santos Gerardo. Director
_9171335
710 _aUACh Departamento Parasitología Agrícola
901 _aPA CD - TESIS 397
902 _aM
905 _a513220Ddiciembre, 201 anm 8100000000 06
910 _aDdic
942 _cPARA
942 _cPARA
_d2
999 _c209044
_d209044